000 00343nam a22001337a 4500
008 180903b xxu||||| |||| 00| 0 eng d
020 _a9780787975616
041 _aeng
080 _a61
100 _a3
101 _aSHM
245 _aReinventing Public Health Policies And Practices For Ahealthy Nation
_cADAY.L.A
942 _2udc
_cBK
999 _c47433
_d47433